Το εκπαιδευτικό σύστημα της Φινλανδίας. Μαθήματα παιδείας

Αποθηκεύτηκε σε:
Λεπτομέρειες βιβλιογραφικής εγγραφής
Κύριος συγγραφέας: Sahlberg, Pasi
Άλλοι συγγραφείς: Κουτσουβάνου, Ευγενία (edtf), Κόνσολας, Μάνος Ν. (Επιμελητής έκδοσης), Αρβανίτη-Παπαδοπούλου, Τότα (edtf), Ζορμπαλά, Ελπίδα (edtf), Πλυτά, Τίνα (trlf)
Μορφή: Βιβλίο
Γλώσσα:Greek
Finnish
Δημοσίευση: Αθήνα : Παπαζήσης, 2018.
Θέματα:
Ετικέτες: Προσθήκη ετικέτας
Δεν υπάρχουν, Καταχωρήστε ετικέτα πρώτοι!

MARC

LEADER 00000cam a2200000 a 4500
001 1/122704
008 210224s2018####gr | ||| |||| ||gre||
020 |a 9789600234459  
040 |a GR-MyUa  |b gre  |c GR-MyUa  |e AACR2 
041 1 |a gre  |h fin 
082 7 |a 370.94   |2 (23) 
100 1 |a Sahlberg, Pasi. 
245 1 0 |a Το εκπαιδευτικό σύστημα της Φινλανδίας. Μαθήματα παιδείας /   |c Pasi Sahlberg ; εισαγωγή-επιστημονική επιμέλεια : Ε. Κουτσουβάνου ... [και ά.] ; μετάφραση : Τίνα Πλύτα.  
260 |a Αθήνα :   |b Παπαζήσης,   |c 2018.  
300 |a 415 σ. :   |b εικ., πίν. ;   |c 21 εκ.  
504 |a Βιβλιογραφία: [401]-415.  
650 0 |a Education  |z Finland. 
650 0 |a Educational change  |z Finland. 
700 1 |a Κουτσουβάνου, Ευγενία,  |e edtf 
700 1 |a Κόνσολας, Μάνος Ν.  |e edt 
700 1 |a Αρβανίτη-Παπαδοπούλου, Τότα,  |e edtf 
700 1 |a Ζορμπαλά, Ελπίδα,  |e edtf 
700 1 |a Πλυτά, Τίνα,  |e trlf 
852 |a INST  |b RHODES  |e 20210224  |h 370.94 SAH  |p 005400041948  |q 005400041948  |t BK  |y 0 
852 |a INST  |b RHODES  |e 20210224  |h 370.94 SAH  |p 005400041949  |q 005400041949  |t BK  |y 0 
970 |a Μαρία  |b Κωτάκου  |z 24-02-2021